000
00377nam a22001097a 4500
082
_a
891.433/PAN/S
100
_a
पाण्डेय, मृत्युंजय
_9
77666
245
_a
नयी सदी नयी कहानिया
260
_a
कोलकाता
_b
आनन्द प्रकाशन
_c
2020
650
_a
कहानियां
942
_c
HIN
999
_c
69029
_d
69029